| 000 | 00747cam a2200241 4500 | ||
|---|---|---|---|
| 001 | ABS62709 | ||
| 008 | 000000n2000 000 0 eng u | ||
| 035 | _a(Sirsi) u108128 | ||
| 245 | _aRegional survey: London boroughs North | ||
| 260 | _c2000 | ||
| 490 |
_aProperty Week _v65(33) 25 August 2000, 42-55(7) |
||
| 590 | _aABS | ||
| 650 | _aNORTH LONDON | ||
| 650 | _aCRICKLEWOOD | ||
| 650 | _aBRENT CROSS | ||
| 650 | _aPARK ROYAL | ||
| 650 | _aCAMDEN | ||
| 650 | _aPROPERTY-COMMERCIAL PROPERTY-OFFICE PROPERTY-OFFICE PROPERTY MARKET | ||
| 650 | _aPROPERTY-COMMERCIAL PROPERTY-RETAIL PROPERTY-RETAIL PROPERTY MARKET | ||
| 650 | _aINDUSTRIAL MARKET | ||
| 690 | _aPROPERTY-COMMERCIAL PROPERTY-COMMERCIAL PROPERTY MARKET | ||
| 942 | _n0 | ||
| 999 |
_c64584 _d64584 |
||